Sea castle / (Record no. 102822)
[ view plain ]
| 000 -LEADER | |
|---|---|
| fixed length control field | 00494nam a2200169 a 4500 |
| 005 - DATE AND TIME OF LATEST TRANSACTION | |
| control field | 20140412111243.0 |
| 008 - FIXED-LENGTH DATA ELEMENTS--GENERAL INFORMATION | |
| fixed length control field | 010329s19uu xx 00 eng d |
| 020 ## - INTERNATIONAL STANDARD BOOK NUMBER | |
| International Standard Book Number | 0-8332-2534-0 |
| 050 ## - LIBRARY OF CONGRESS CALL NUMBER | |
| Classification number | TR(GS 428.6 |
| Item number | MAT 1986 |
| 100 ## - MAIN ENTRY--PERSONAL NAME | |
| Personal name | Matteoni, Louise |
| 245 ## - TITLE STATEMENT | |
| Title | Sea castle / |
| Statement of responsibility, etc | Louise Matteoni ; Floyd Sucher ; Marvin Klein ; Karen Welch. |
| 260 ## - PUBLICATION, DISTRIBUTION, ETC. (IMPRINT) | |
| Place of publication, distribution, etc | Oklahoma : |
| Name of publisher, distributor, etc | The Economy Company, |
| Date of publication, distribution, etc | 1986. |
| 300 ## - PHYSICAL DESCRIPTION | |
| Extent | 80 p. |
| 440 ## - SERIES STATEMENT/ADDED ENTRY--TITLE | |
| Title | Economy Reading Series |
| 650 ## - SUBJECT ADDED ENTRY--TOPICAL TERM | |
| Topical term or geographic name as entry element | Reading |
| Withdrawn status | Lost status | Damaged status | Home library | Current library | Shelving location | Date acquired | Source of acquisition | Total Checkouts | Full call number | Barcode | Date last seen | Price effective from | Koha item type |
|---|---|---|---|---|---|---|---|---|---|---|---|---|---|
| Elizalde Library | Elizalde Library | Teachers Reference Section | 03/29/2001 | TR(GS 428.6 MAT 1986 | E2839 | 04/12/2014 | 04/12/2014 | Books |